00274nam a2200097Ia 4500001000800000005001700008008004100025020001800066245007400084260001800158127610220260417160441.0260417s9999 xx 000 0 und d a9786255998880 0aŞeyh Galib’in Hüsn ü Aşk’ından Kaderin KalemicKollektif bKetebe Genç